[Event "Barcelona Sant Marti op-A 18th"]
[Site "Barcelona"]
[Date "2016.07.14"]
[Round "2"]
[White "Scalzi Evans, Federico"]
[Black "Varela Cuadrado, Cesar M"]
[Result "1-0"]
[WhiteElo "2050"]
[BlackElo "1753"]
[PlyCount "57"]
[EventDate "2016.07.13"]
[EventType "swiss"]
[EventRounds "9"]
[EventCountry "ESP"]
[SourceTitle "CBM 173 Extra"]
[Source "ChessBase"]
[SourceDate "2016.08.29"]
[SourceVersion "1"]
[SourceVersionDate "2016.08.29"]
[SourceQuality "1"]

1. d4 Nf6 2. c4 g6 3. Nc3 Bg7 4. e4 d6 5. f3 0-0 6. Be3 Nbd7 7. Qd2 e5 8. Nge2 a6 9. d5 Nh5 10. g4 Nf4 11. Nxf4 exf4 12. Bxf4 Ne5 13. Be2 Qh4+ 14. Bg3 Qh3 15. 0-0-0 Bh6 16. g5 Bg7 17. f4 Nd7 18. f5 gxf5 19. exf5 Qxf5 20. Rdf1 Bxc3 21. bxc3 Qg6 22. h4 Nc5 23. h5 Qg7 24. h6 Qg6 25. Rf6 Qe4 26. Rh4 Re8 27. Rxe4 Nxe4 28. Qd4 Kf8 29. Rxf7+ 1-0

[Event "Barcelona Sant Marti op-A 18th"]
[Site "Barcelona"]
[Date "2016.07.13"]
[Round "1"]
[White "Perpinya Rofes, Lluis Maria"]
[Black "Scalzi Evans, Federico"]
[Result "1-0"]
[WhiteElo "2373"]
[BlackElo "2050"]
[PlyCount "41"]
[EventDate "2016.07.13"]
[EventType "swiss"]
[EventRounds "9"]
[EventCountry "ESP"]
[SourceTitle "CBM 173 Extra"]
[Source "ChessBase"]
[SourceDate "2016.08.29"]
[SourceVersion "1"]
[SourceVersionDate "2016.08.29"]
[SourceQuality "1"]

1. e4 e6 2. d4 d5 3. Nc3 Bb4 4. Nge2 dxe4 5. a3 Be7 6. g4 Nf6 7. g5 e3 8. gxf6 exf2+ 9. Kxf2 Bxf6 10. Bg2 Bh4+ 11. Ng3 Nc6 12. Be3 f5 13. Rf1 Bd7 14. Kg1 Qe7 15. d5 Ne5 16. dxe6 Bxg3 17. exd7+ Nxd7 18. Nd5 Bxh2+ 19. Kxh2 Qh4+ 20. Kg1 0-0-0 21. Qd4 1-0

[Event "Barbera del Valles op 39th"]
[Site "Barbera del Valles"]
[Date "2016.07.04"]
[Round "1"]
[White "Vassallo Barroche, Mauricio"]
[Black "Scalzi Evans, Federico"]
[Result "1-0"]
[WhiteElo "2389"]
[BlackElo "2050"]
[PlyCount "67"]
[EventDate "2016.07.04"]
[EventType "swiss"]
[EventRounds "9"]
[EventCountry "ESP"]
[SourceTitle "EXT 2017"]
[Source "ChessBase"]
[SourceDate "2016.10.25"]
[SourceVersion "1"]
[SourceVersionDate "2016.10.25"]
[SourceQuality "1"]

1. Nf3 Nf6 2. d4 e6 3. Bg5 Be7 4. Nbd2 d5 5. e3 b6 6. c3 Bb7 7. Ne5 h6 8. Bf4 0-0 9. Bd3 c5 10. Qf3 Nbd7 11. g4 Nxe5 12. Bxe5 Nd7 13. Bf4 e5 14. dxe5 c4 15. Bf5 Nc5 16. Qh3 Bg5 17. Bxg5 Qxg5 18. Nf3 Qe7 19. g5 Bc8 20. gxh6 g6 21. Bxc8 Raxc8 22. Qg3 Rce8 23. h4 Nd3+ 24. Ke2 Nxe5 25. h5 Nxf3 26. Qxf3 g5 27. Rad1 Qe4 28. Rxd5 Qxf3+ 29. Kxf3 f6 30. Rd7 Rf7 31. Rxf7 Kxf7 32. Rd1 Ke6 33. Rd4 b5 34. Re4+ 1-0

[Event "Barcelona Sant Marti op-A 5th"]
[Site "Barcelona"]
[Date "2016.03.03"]
[Round "8"]
[White "Scalzi Evans, Federico"]
[Black "Capellades Subirana, Marc"]
[Result "1-0"]
[WhiteElo "2055"]
[BlackElo "2212"]
[PlyCount "151"]
[EventDate "2016.01.14"]
[EventType "swiss"]
[EventRounds "9"]
[EventCountry "ESP"]
[SourceTitle "EXT 2017"]
[Source "ChessBase"]
[SourceDate "2016.10.25"]
[SourceVersion "1"]
[SourceVersionDate "2016.10.25"]
[SourceQuality "1"]

1. d4 Nf6 2. c4 c5 3. d5 d6 4. Nc3 g6 5. e4 Bg7 6. h4 Na6 7. f3 Nc7 8. Be3 a6 9. Qd2 h5 10. 0-0-0 b5 11. e5 Ng8 12. e6 bxc4 13. Nh3 fxe6 14. Qc2 exd5 15. Qxg6+ Kf8 16. Nxd5 Nxd5 17. Rxd5 Qe8 18. Nf4 Qa4 19. Rxd6 exd6 20. Qxd6+ Ne7 21. Ng6+ Kf7 22. Qxe7+ Kxg6 23. Qg5+ Kf7 24. Qf4+ Bf6 25. Bxc4+ Kg7 26. Qg3+ Bg4 27. Bb3 Qc6 28. fxg4 c4 29. gxh5+ Kf8 30. Bc2 Re8 31. Rf1 Rxe3 32. Qxe3 Rxh5 33. Qa3+ Kg7 34. Qg3+ Kh8 35. Qg6 Bxb2+ 36. Kxb2 c3+ 37. Ka1 Qxg6 38. Bxg6 Rxh4 39. Re1 Kg7 40. Be4 Kf6 41. Kb1 Ke5 42. Kc2 Kd4 43. Bb7 Rh7 44. Re4+ Kc5 45. Bxa6 Kd5 46. Kxc3 Rg7 47. Rd4+ Kc5 48. g4 Rh7 49. Bc8 Rh1 50. Rd5+ Kc6 51. Rd2 Rg1 52. a4 Kb6 53. Bd7 Ka5 54. Kd4 Re1 55. Kd5 Kb6 56. Kd6 Rg1 57. Rb2+ Ka7 58. Rb5 Ka6 59. Rd5 Kb6 60. g5 Kb7 61. Rb5+ Ka6 62. Rd5 Kb7 63. Ke6 Kc7 64. Kf6 Rf1+ 65. Kg7 Rg1 66. g6 Kd8 67. Bb5+ Ke7 68. Rd7+ Ke6 69. Rf7 Rh1 70. Rf6+ Ke7 71. Rf7+ Ke6 72. Bc4+ Kd6 73. Kg8 Rc1 74. Bb5 Rc8+ 75. Rf8 Rc1 76. g7 1-0

[Event "Foment Martinenc op-A 17th"]
[Site "Barcelona"]
[Date "2015.05.23"]
[Round "5"]
[White "Ros Montes, Daniel"]
[Black "Scalzi Evans, Federico"]
[Result "1/2-1/2"]
[WhiteElo "2010"]
[BlackElo "2048"]
[PlyCount "59"]
[EventDate "2015.04.25"]
[EventType "swiss"]
[EventRounds "9"]
[EventCountry "ESP"]
[SourceTitle "EXT 2017"]
[Source "ChessBase"]
[SourceDate "2016.10.25"]
[SourceVersion "1"]
[SourceVersionDate "2016.10.25"]
[SourceQuality "1"]

1. c4 c5 2. Nf3 Nc6 3. Nc3 e5 4. e3 f5 5. d4 e4 6. d5 exf3 7. dxc6 dxc6 8. Qxf3 Nf6 9. b3 Be7 10. Bb2 0-0 11. Rd1 Qa5 12. Bd3 Ne4 13. Bxe4 fxe4 14. Qxe4 Bf6 15. Rc1 Bd7 16. 0-0 Rae8 17. Qc2 Qc7 18. e4 Qf4 19. Na4 Bxb2 20. Qxb2 Re5 21. Rc3 b6 22. Rf3 Qxf3 23. gxf3 Rg5+ 24. Kh1 Bh3 25. Rg1 Rxg1+ 26. Kxg1 Rf6 27. Qe5 Rg6+ 28. Qg3 Kf7 29. Kh1 Rxg3 30. fxg3 1/2-1/2

[Event "Barcelona Tupinamba op 10th"]
[Site "Barcelona"]
[Date "2015.04.08"]
[Round "3"]
[White "Exposito Amaro, Josue"]
[Black "Scalzi Evans, Federico"]
[Result "1-0"]
[WhiteElo "2436"]
[BlackElo "2183"]
[PlyCount "67"]
[EventDate "2015.03.18"]
[EventType "swiss"]
[EventRounds "9"]
[EventCountry "ESP"]
[SourceTitle "EXT 2016"]
[Source "ChessBase"]
[SourceDate "2015.10.08"]
[SourceVersion "1"]
[SourceVersionDate "2015.10.08"]
[SourceQuality "1"]

1. e4 e6 2. Nc3 d5 3. Nf3 d4 4. Ne2 c5 5. Ng3 Nc6 6. Bc4 g5 7. d3 g4 8. Ng1 Ne5 9. Bb5+ Bd7 10. Bxd7+ Qxd7 11. Bf4 Ng6 12. Bd2 0-0-0 13. Qxg4 h5 14. Nxh5 Nh6 15. Qe2 Be7 16. Nh3 Qa4 17. Ng3 Rdg8 18. c3 Nh4 19. 0-0 Ng4 20. cxd4 cxd4 21. Bf4 e5 22. Bg5 Nf6 23. Bxh4 Rxh4 24. Qf3 Qe8 25. Qf5+ Kb8 26. Qxe5+ Ka8 27. Rac1 Ng4 28. Qd5 Nf6 29. Qf5 Rhg4 30. Rc4 b6 31. Rfc1 Kb7 32. Rc7+ Ka6 33. b4 Nd5 34. Qxd5 1-0

[Event "Barcelona La Lira-A 12th"]
[Site "Barcelona"]
[Date "2009.07.25"]
[Round "8"]
[White "Ritter Aguilar, Jordi"]
[Black "Scalzi Evans, Federico"]
[Result "0-1"]
[WhiteElo "2027"]
[BlackElo "2008"]
[PlyCount "96"]
[EventDate "2009.07.18"]
[EventType "tourn"]
[EventRounds "9"]
[EventCountry "ESP"]
[SourceTitle "EXT 2011"]
[Source "ChessBase"]
[SourceDate "2010.11.26"]
[SourceVersion "1"]
[SourceVersionDate "2010.11.26"]
[SourceQuality "1"]

1. e4 e6 2. d4 d5 3. Nc3 Bb4 4. Qg4 Nf6 5. Qxg7 Rg8 6. Qh6 Rg6 7. Qe3 Ng4 8. Qd2 dxe4 9. a3 Ba5 10. Nh3 Nc6 11. Nf4 Qxd4 12. Bb5 Bxc3 13. bxc3 Qxd2+ 14. Bxd2 Rg8 15. Bxc6+ bxc6 16. 0-0 Ba6 17. Rfe1 0-0-0 18. Rad1 Ne5 19. Kh1 Nc4 20. Bc1 Rxd1 21. Rxd1 c5 22. Nh5 Bb7 23. Be3 Nxa3 24. Ng3 a5 25. Bxc5 Nc4 26. h3 Rd8 27. Ra1 Bc6 28. Nf1 a4 29. Kg1 f5 30. Ne3 Nxe3 31. Bxe3 Kb7 32. Kf1 Rg8 33. g3 h5 34. h4 e5 35. Ke2 Rg4 36. Bc5 f4 37. Rg1 Bd7 38. Be7 Ka6 39. Bf6 Bb5+ 40. Kd2 e3+ 41. fxe3 fxg3 42. Bxe5 g2 43. Bd4 Bf1 44. c4 Rxh4 45. Kc3 Ka5 46. Kb2 Kb4 47. c3+ Kxc4 48. Ba7 Rh1 0-1

[Event "Barcelona La Lira-A 12th"]
[Site "Barcelona"]
[Date "2009.07.24"]
[Round "7"]
[White "Scalzi Evans, Federico"]
[Black "Colom Andres, Xavier"]
[Result "1-0"]
[WhiteElo "2008"]
[BlackElo "1995"]
[PlyCount "82"]
[EventDate "2009.07.18"]
[EventType "tourn"]
[EventRounds "9"]
[EventCountry "ESP"]
[SourceTitle "EXT 2011"]
[Source "ChessBase"]
[SourceDate "2010.11.26"]
[SourceVersion "1"]
[SourceVersionDate "2010.11.26"]
[SourceQuality "1"]

1. d4 d5 2. Nf3 Nf6 3. e3 c5 4. b3 Bg4 5. Bb2 e6 6. Nbd2 Nc6 7. Be2 cxd4 8. exd4 Bd6 9. 0-0 0-0 10. c4 Rc8 11. Ne5 Bxe2 12. Qxe2 a6 13. f4 Bb4 14. Rad1 Bxd2 15. Rxd2 Ne4 16. Rd3 f5 17. Rh3 Qa5 18. Rd1 Rcd8 19. c5 Qc7 20. Nd3 Nb8 21. b4 Nd7 22. a4 Ndf6 23. Ne5 Nd7 24. Rdd3 Nxe5 25. fxe5 g6 26. Rb3 Ra8 27. Ba3 Rfc8 28. Rh6 Rf8 29. Rbh3 Rf7 30. Qe1 Qe7 31. Qc1 f4 32. Rf3 g5 33. b5 Qf8 34. Rxe6 axb5 35. axb5 Qc8 36. Rh6 Ra4 37. e6 Rg7 38. Qb2 Rc4 39. h4 gxh4 40. Rxf4 Qd8 41. c6 Qg5 1-0

[Event "Barcelona La Lira-A 12th"]
[Site "Barcelona"]
[Date "2009.07.20"]
[Round "3"]
[White "Scalzi Evans, Federico"]
[Black "Vives Cabau, Jordi"]
[Result "1-0"]
[WhiteElo "2008"]
[BlackElo "2014"]
[PlyCount "97"]
[EventDate "2009.07.18"]
[EventType "tourn"]
[EventRounds "9"]
[EventCountry "ESP"]
[SourceTitle "EXT 2011"]
[Source "ChessBase"]
[SourceDate "2010.11.26"]
[SourceVersion "1"]
[SourceVersionDate "2010.11.26"]
[SourceQuality "1"]

1. d4 f5 2. e4 fxe4 3. Nc3 Nf6 4. f3 d5 5. Bg5 Bf5 6. g4 Bg6 7. Qd2 Nbd7 8. h4 exf3 9. Nh3 c6 10. Nf4 Bf7 11. 0-0-0 h6 12. Bxf6 Nxf6 13. Bd3 Nxg4 14. Ng6 Rg8 15. Rhf1 Qd6 16. Ne5 Nxe5 17. dxe5 Qxe5 18. Rxf3 g6 19. Rdf1 Be6 20. Bxg6+ Kd7 21. Re3 Qxe3 22. Qxe3 Rxg6 23. Na4 b6 24. Qd3 Rf6 25. Rxf6 exf6 26. Qa6 Kc7 27. Nxb6 Re8 28. Qxa7+ Kd6 29. Na8 Rc8 30. Nb6 Re8 31. b4 h5 32. Na8 Rc8 33. Qc5+ Ke5 34. Qe3+ Kf5 35. Nc7 Rxc7 36. Qh3+ Kf4 37. Qh2+ Kg4 38. Qxc7 Bh6+ 39. Kb2 f5 40. Qh7 Be3 41. Qg6+ Kxh4 42. Qxe6 f4 43. a4 Kg3 44. Qg6+ Kf2 45. Qxc6 f3 46. Qxd5 h4 47. Qe6 Ke2 48. Qc4+ Ke1 49. Qxh4+ 1-0

[Event "Barcelona La Lira-A 12th"]
[Site "Barcelona"]
[Date "2009.07.18"]
[Round "1"]
[White "Scalzi Evans, Federico"]
[Black "Vargas Drechsler, Carlos"]
[Result "1-0"]
[WhiteElo "2008"]
[BlackElo "1999"]
[PlyCount "63"]
[EventDate "2009.07.18"]
[EventType "tourn"]
[EventRounds "9"]
[EventCountry "ESP"]
[SourceTitle "EXT 2011"]
[Source "ChessBase"]
[SourceDate "2010.11.26"]
[SourceVersion "1"]
[SourceVersionDate "2010.11.26"]
[SourceQuality "1"]

1. Nf3 e6 2. b3 f5 3. Bb2 Nf6 4. e3 d5 5. d4 Bd6 6. c4 c6 7. Bd3 0-0 8. 0-0 Bd7 9. Ba3 Bxa3 10. Nxa3 Be8 11. Ne5 Bh5 12. f3 Nbd7 13. Nxd7 Nxd7 14. Qc2 Qg5 15. Rae1 Rae8 16. e4 e5 17. exf5 exd4 18. f4 Qh6 19. cxd5 cxd5 20. Qc7 Nf6 21. Rxe8 Rxe8 22. Nc2 Ng4 23. Bb5 Re4 24. Qd8+ Be8 25. h3 Nf6 26. Nxd4 Kf7 27. Ne6 Rxe6 28. fxe6+ Kf8 29. Qd6+ Kg8 30. Bxe8 Nxe8 31. Qe7 Qg6 32. f5 1-0

[Event "Barcelona La Lira Spring op 1st"]
[Site "Barcelona"]
[Date "2008.05.15"]
[Round "6.9"]
[White "Langer, Christian1111"]
[Black "Scalzi Evans, Federico"]
[Result "0-1"]
[WhiteElo "1825"]
[BlackElo "1999"]
[PlyCount "64"]
[EventDate "2008.04.03"]
[EventType "swiss"]
[EventRounds "8"]
[EventCountry "ESP"]
[SourceTitle "EXT 2024"]
[Source "ChessBase"]
[SourceDate "2023.10.10"]
[SourceVersion "1"]
[SourceVersionDate "2023.10.10"]
[SourceQuality "1"]

1. e4 e6 2. d4 d5 3. exd5 exd5 4. Nf3 Bd6 5. c4 c6 6. Nc3 Ne7 7. Bd3 Bg4 8. 0-0 Nd7 9. Re1 Nf6 10. c5 Bc7 11. Bg5 Qd7 12. Qd2 Bxf3 13. Bxf6 gxf6 14. Rxe7+ Kxe7 15. Re1+ Kd8 16. Qh6 Re8 17. Qxf6+ Kc8 18. Rxe8+ Qxe8 19. Qxf3 Qe1+ 20. Bf1 Qe6 21. g3 Kd7 22. Bd3 Ke7 23. Bxh7 Re8 24. Bf5 Qh6 25. Qg4 Kf8 26. f4 Re1+ 27. Kf2 Rh1 28. h4 Rh2+ 29. Kf1 Rxb2 30. Bb1 Qe6 31. Qh5 Qe3 32. Qh8+ Ke7 0-1

[Event "Llobregat op 1st"]
[Site "Llobregat"]
[Date "2007.12.28"]
[Round "3"]
[White "Catarineu Morales, Alex"]
[Black "Scalzi Evans, Federico"]
[Result "0-1"]
[WhiteElo "1817"]
[BlackElo "2005"]
[PlyCount "114"]
[EventDate "2007.12.26"]
[EventType "swiss"]
[EventRounds "9"]
[EventCountry "ESP"]
[SourceTitle "CBM 122 Extra"]
[Source "ChessBase"]
[SourceDate "2008.03.04"]
[SourceVersion "1"]
[SourceVersionDate "2008.03.04"]
[SourceQuality "1"]

1. e4 e6 2. d4 d5 3. Nd2 Nf6 4. e5 Nfd7 5. Bd3 c5 6. c3 Nc6 7. Ne2 cxd4 8. cxd4 f6 9. Nf4 Nxd4 10. Qh5+ Ke7 11. exf6+ Nxf6 12. Ng6+ hxg6 13. Qxh8 Kf7 14. 0-0 e5 15. Nb3 Nxb3 16. axb3 e4 17. Be2 Qb6 18. Be3 d4 19. Bc4+ Be6 20. Bxe6+ Kxe6 21. Bg5 Kf7 22. Qh4 Re8 23. Rfe1 Bb4 24. Rec1 a5 25. Bxf6 Qxf6 26. Rc7+ Re7 27. Rxe7+ Qxe7 28. Qf4+ Kg8 29. Rc1 Bc5 30. Qg4 b6 31. Qxg6 d3 32. Qg4 Qe5 33. Qc8+ Kf7 34. Qd7+ Kf6 35. b4 Bxf2+ 36. Kf1 Bd4 37. Rc6+ Kg5 38. Qd8+ Kf5 39. Qf8+ Kg5 40. h4+ Kh5 41. Qh8+ Kg4 42. Rg6+ Kf4 43. Qf8+ Qf5 44. g3+ Ke5+ 45. Qxf5+ Kxf5 46. Rg5+ Ke6 47. bxa5 bxa5 48. Rxa5 Bxb2 49. Ra4 Kf5 50. Kf2 Bc1 51. g4+ Kf4 52. g5 Be3+ 53. Ke1 Kf3 54. Ra8 Bf4 55. Ra3 Kg4 56. Ra4 Kf3 57. Ra3 Bg3+ 0-1

[Event "La Pobla de Lillet op 15th"]
[Site "La Pobla de Lillet"]
[Date "2005.08.03"]
[Round "2"]
[White "Scalzi Evans, Federico"]
[Black "Movsziszian, Karen"]
[Result "0-1"]
[WhiteElo "2082"]
[BlackElo "2439"]
[PlyCount "70"]
[EventDate "2005.08.02"]
[EventType "swiss"]
[EventRounds "9"]
[EventCountry "ESP"]
[SourceTitle "CBM 107 Extra"]
[Source "ChessBase"]
[SourceDate "2005.09.01"]
[SourceVersion "1"]
[SourceVersionDate "2005.09.01"]
[SourceQuality "1"]

1. d4 g6 2. Nf3 Bg7 3. c4 Nf6 4. Nc3 0-0 5. e4 d6 6. Be2 Nbd7 7. 0-0 e5 8. Be3 Ng4 9. Bg5 f6 10. Bc1 Nh6 11. dxe5 dxe5 12. b4 c6 13. Rb1 Nf7 14. Qb3 f5 15. c5 f4 16. Nd2 Nf6 17. Bc4 Qe7 18. b5 g5 19. bxc6 bxc6 20. Qa4 Qc7 21. Ba3 g4 22. Bb4 f3 23. Ba5 Qd7 24. Rfd1 Qe8 25. Qb3 fxg2 26. Bc7 Kh8 27. Bxf7 Rxf7 28. Bd6 Be6 29. Qa3 Nh5 30. Ne2 Qd8 31. Rb2 Qf6 32. Qe3 Bh6 33. Bxe5 Qxe5 34. Qxh6 Rf6 35. f4 Qxc5+ 0-1